APL I Eine Einführung in die Elemente der Sprache und des Systems

Enregistré dans:
Détails bibliographiques
Auteur principal: Janko, Wolfgang H.
Format: Livre
Langue:allemand
Publié: Königstein Athenäum 1981
Tags: Ajouter un tag
Pas de tags, Soyez le premier à ajouter un tag!

MARC

LEADER 00000nam a2200000 4500
001 c128704
005 20041019155244.2
041 0 |a ger 
044 |a DE 
245 1 0 |a APL I  |b Eine Einführung in die Elemente der Sprache und des Systems  |c Wolfgang H. Janko 
264 1 |a Königstein  |b Athenäum  |c 1981 
300 |a 137 s. 
100 1 |a Janko, Wolfgang H.